| 000 | 01313nam a2200217Ia 4500 | ||
|---|---|---|---|
| 003 | Ost | ||
| 005 | 20260507075052.0 | ||
| 008 | 260507s9999||||xx |||||||||||||| ||und|| | ||
| 040 | _cfsecg | ||
| 041 | _aara | ||
| 082 | _a347.6208 | ||
| 100 |
_aيوسف، سنية أحمد _eمؤلف |
||
| 245 | 0 |
_aغش الخصوم كسبب للطعن بالتماس إعادة النظر / _c سنية أحمد يوسف |
|
| 260 |
_aالاسكندرية: _bدار الجامعة الجديدة للنشر, _c2002 |
||
| 300 |
_a417 صفحة؛ _c24 سم |
||
| 490 | _aالمكتبة القانونية | ||
| 520 | _aفي التماس اعادة النظر ، شروط قبول الطعن بالتماي اعادة النظر وخصومته والخصم فيه، آثار الطعن بالتماس اعادة النظر، التميز بين الطعن بالتماس اعادة النظر وغيره من طرق الطعن غير العادية، فكرة الغش، الغش في قانون المرفقات، الغش في التماس اعادة النظر، دور الحسن النية في الرابطة القانونية للدعوى ودور القاضي في الخصومة المدنية، الغش الصادر من الخصوم | ||
| 653 | _aغش الخصوم | ||
| 653 | _aقانون | ||
| 942 | _cكتاب | ||
| 999 |
_c42671 _d42671 |
||